Normal view
MARC view
- MATH SKILLS FOR ENGINEERS.ESSENTIAL MATH SKILLS FOR ENGINEERS
Entry Topical Term
001 - CONTROL NUMBER
- control field: 64926
003 - CONTROL NUMBER IDENTIFIER
- control field: NUST
005 - DATE AND TIME OF LATEST TRANSACTION
- control field: 20210628203343.0
008 - FIXED-LENGTH DATA ELEMENTS
- fixed length control field: 210628|| aca||aabn | a|a d
040 ## - CATALOGING SOURCE
- Original cataloging agency: NUST
- Transcribing agency: NUST
150 ## - HEADING--TOPICAL TERM
- Topical term or geographic name entry element: MATH SKILLS FOR ENGINEERS.ESSENTIAL MATH SKILLS FOR ENGINEERS
670 ## - SOURCE DATA FOUND
- Source citation: Work cat.: (NUST): Paul , Clayton.R 41146, Essential math skills for engineers, 2009
